Pensadores peligrosos. La comprensión según Francisco Antonio Encina, Alberto Edwards y Mario Góngora
Uloženo v:
| Hlavní autor: | |
|---|---|
| Médium: | Neznámo |
| Jazyk: | angličtina |
| Vydáno: |
Santiago, Chile:
Ediciones Universidad Diego Portales,
2021
|
| Vydání: | 1º edición |
| Edice: | Colección Pensamiento Contemporáneo
|
| Témata: | |
| Tagy: |
Přidat tag
Žádné tagy, Buďte první, kdo vytvoří štítek k tomuto záznamu!
|
MARC
| LEADER | 00000 a2200000 4500 | ||
|---|---|---|---|
| 003 | CL-VaPUC | ||
| 005 | 20231128114036.0 | ||
| 008 | 211216b2021 ||||| |||| 00| 0 eng d | ||
| 999 | |c 434377 |d 434375 | ||
| 020 | |a 978-956-314-493-2 | ||
| 040 | |c Pontificia Universidad Católica de Valparaíso | ||
| 082 | 7 | |a 320.983 HER 2021 |2 22 | |
| 100 | |a Herrera, Hugo E. |9 865328 |e autor | ||
| 245 | |a Pensadores peligrosos. |b La comprensión según Francisco Antonio Encina, Alberto Edwards y Mario Góngora | ||
| 250 | |a 1º edición | ||
| 260 | |a Santiago, Chile: |b Ediciones Universidad Diego Portales, |c 2021 | ||
| 300 | |a 241 páginas | ||
| 490 | |a Colección Pensamiento Contemporáneo | ||
| 583 | |k Sebastián Perez |c 20211216 | ||
| 650 | 0 | |a Análisis del discurso |x Aspectos políticos |9 256696 | |
| 650 | 0 | |a Historiadores |z Chile |y Siglo XX |9 865707 | |
| 651 | |a Chile |x Política y gobierno |y Siglo XX |9 865708 | ||
| 942 | |2 ddc |c BK | ||
| 952 | |0 0 |1 0 |2 ddc |4 0 |6 320_983000000000000_HER_2021 |7 0 |8 A |9 579607 |a BIBHIS |b BIBHIS |c GEN |d 2021-12-16 |e 3 |g 19850.00 |i 5629233 |o 320.983 HER 2021 |p 5629233 |r 2025-01-20 |t 1 |v 19850.00 |w 2021-12-16 |y BK |k HIS | ||